000 02719nam a2200241Ia 4500
000 03168naaa 00349uu
001 https://directory.doabooks.org/handle/20.500.12854/49990
005 20260218105743.0
008 211013s9999 xx 000 0 und d
020 _a978-2-88945-288-0
024 _a10.3389/978-2-88945-288-0
042 _adc
245 0 _aImmunomodulatory Effects of Drugs for Treatment of Immune-Related Diseases
260 _bFrontiers Media SA
_c2017
300 _a1 electronic resource (108 p.)
520 _aMore than 90% of diseases possess immunological abnormalities. Disorders such as inflammation, hypersensitivity, autoimmunity and immunodeficiency are simple examples of how the immune system misinterprets its surroundings and goes awry. Multiple sclerosis, rheumatoid arthritis, systemic lupus erythematosus, inflammatory bowel diseases, among many others are manifestations of immune cells attacking normal tissues. On the other hand, damping the immune system leads to diseases such as cancer, AIDS, and severe combined immunodeficiency. The last ten years witnessed an explosion in developing drugs that target the immune system. Several novel monoclonal antibodies have been approved for treatment of various diseases confirming that personalized medicine approach is robust in combating diseases. Hence, the future holds great promise for using personalized and targeted medicine rather than generalized medications that, in most circumstances, proven to be ineffective and characteristically exert side effects. Approaches such as generating novel adjuvants that can stimulate the immune system without harmful side effects, targeting inflammatory cytokines and chemokines, harnessing and activating innate immune cells such as natural killer cells or dendritic cells, are examples of future approaches to treat autoimmune diseases, AIDS, and various forms of cancer resulting from chronic inflammation. More recently, targeting immune checkpoint molecules have shown therapeutic response against lung cancer and melanoma. Identifying molecules involved in autophagy is another example of how personalized medicine might help treat patients with refractory asthma and autoimmune diseases. This topic introduces the reader to these novel approaches of manipulating the immune system and developing targeted therapeutic strategies for treatment of various diseases.
540 _aCreative Commons
653 _aDrugs
700 1 _aAzzam A. Maghazachi
856 _uhttps://docs.google.com/spreadsheets/d/1yKIrdCPDAG_9c22mwoOIO2DOhtj65Wqa/edit?usp=sharing&ouid=106555315294820607512&rtpof=true&sd=true
_yList of Curated E-Books
942 _cE-BOOK
999 _c48442
_d48442